[Event "Klatovy op-B"]
[Site "Klatovy"]
[Date "2013.06.30"]
[Round "2"]
[White "Kastner, Jeffrey"]
[Black "Kalista, Radek"]
[Result "1/2-1/2"]
[WhiteElo "1920"]
[BlackElo "1455"]
[PlyCount "86"]
[EventDate "2013.06.29"]
[EventType "swiss"]
[EventRounds "9"]
[EventCountry "CZE"]
[SourceTitle "EXT 2014"]
[Source "ChessBase"]
[SourceDate "2013.11.20"]
[SourceVersion "1"]
[SourceVersionDate "2013.11.20"]
[SourceQuality "1"]

1. e4 e5 2. Nf3 Nc6 3. Bb5 a6 4. Ba4 Nf6 5. Nc3 b5 6. Bb3 Be7 7. d3 d6 8. h3 0-0 9. Bd2 Bd7 10. Nd5 Nxd5 11. Bxd5 Rc8 12. 0-0 Nd4 13. Nxd4 exd4 14. c3 c6 15. Bb3 Bf6 16. c4 c5 17. f4 Bh4 18. Kh2 b4 19. g4 g5 20. fxg5 Bxg5 21. Bxg5 Qxg5 22. Qc1 f6 23. Qf4 Qe5 24. Rf2 Kg7 25. Rg1 Qxf4+ 26. Rxf4 h6 27. Kg3 Rf7 28. Ra1 a5 29. Bd1 a4 30. a3 b3 31. Be2 Rcf8 32. Rg1 Bc8 33. Rf3 Kg6 34. Rg2 Bd7 35. Rgf2 Bc8 36. h4 Be6 37. Rf4 Kg7 38. Bf1 Kg6 39. Bh3 Bd7 40. Bf1 Be6 41. Be2 Kg7 42. Kg2 Kg6 43. Kh2 Kg7 1/2-1/2

[Event "CZE-chTW U20 1213"]
[Site "Czech Republic"]
[Date "2013.01.26"]
[Round "7.5"]
[White "Filip, Vojtech"]
[Black "Kalista, Radek"]
[Result "1/2-1/2"]
[WhiteElo "1841"]
[BlackElo "1448"]
[PlyCount "82"]
[EventDate "2012.10.06"]
[EventType "team-tourn"]
[EventRounds "11"]
[EventCountry "CZE"]
[SourceTitle "EXT 2015"]
[Source "ChessBase"]
[SourceDate "2014.11.20"]
[SourceVersion "1"]
[SourceVersionDate "2014.11.20"]
[SourceQuality "1"]
[WhiteTeam "Vlasim (U20)"]
[BlackTeam "Klatovy (U20)"]
[WhiteTeamCountry "CZE"]
[BlackTeamCountry "CZE"]

1. d4 d5 2. c4 e6 3. Nc3 Nf6 4. Bg5 Be7 5. e3 Nbd7 6. Nf3 0-0 7. Bd3 dxc4 8. Bxc4 c5 9. 0-0 b6 10. d5 exd5 11. Bxd5 Nxd5 12. Qxd5 Ba6 13. Rfd1 Bxg5 14. Nxg5 Nf6 15. Qf5 Qc8 16. Qxc8 Raxc8 17. Rd6 h6 18. Nge4 Nxe4 19. Nxe4 Bb5 20. Nc3 Bc6 21. Rad1 Rfe8 22. Nd5 Bxd5 23. R1xd5 Kf8 24. Kf1 c4 25. Rd7 Re7 26. Rd8+ Rxd8 27. Rxd8+ Re8 28. Rd6 Rc8 29. Rd7 a5 30. Rb7 c3 31. bxc3 Rxc3 32. Rxb6 Rc1+ 33. Ke2 Rc2+ 34. Kf3 Rxa2 35. Rb7 a4 36. Ra7 g6 37. h4 a3 38. g4 Kg7 39. g5 h5 40. Ra8 Ra1 41. Kg2 Ra2 1/2-1/2

[Event "CZE-chTW U20 1213"]
[Site "Czech Republic"]
[Date "2012.10.07"]
[Round "4.5"]
[White "Brejnik, Gustav"]
[Black "Kalista, Radek"]
[Result "1-0"]
[WhiteElo "1777"]
[BlackElo "1448"]
[PlyCount "78"]
[EventDate "2012.10.06"]
[EventType "team-tourn"]
[EventRounds "11"]
[EventCountry "CZE"]
[SourceTitle "EXT 2015"]
[Source "ChessBase"]
[SourceDate "2014.11.20"]
[SourceVersion "1"]
[SourceVersionDate "2014.11.20"]
[SourceQuality "1"]
[WhiteTeam "Udlice (U20)"]
[BlackTeam "Klatovy (U20)"]
[WhiteTeamCountry "CZE"]
[BlackTeamCountry "CZE"]

1. d4 d5 2. c4 e6 3. Nf3 Nf6 4. e3 Be7 5. Bd3 0-0 6. 0-0 Nbd7 7. b3 b6 8. Bb2 Bb7 9. Nbd2 c5 10. Rc1 Rc8 11. Qc2 h6 12. Rfd1 Rc7 13. e4 dxe4 14. Nxe4 Nxe4 15. Bxe4 Bxe4 16. Qxe4 Nf6 17. Qe2 cxd4 18. Nxd4 Rd7 19. Qf3 Qc8 20. Nc6 Rxd1+ 21. Rxd1 Qb7 22. Nxe7+ Qxe7 23. Bxf6 gxf6 24. Qh5 Kh7 25. h3 Rg8 26. Rd4 f5 27. Qd1 Qg5 28. Qf3 e5 29. Rd5 f6 30. Rd7+ Kh8 31. g3 e4 32. Qc3 f4 33. Rd5 Qg6 34. g4 e3 35. fxe3 Qb1+ 36. Kf2 fxe3+ 37. Qxe3 Qg6 38. Rh5 Kh7 39. Rf5 Re8 1-0